000 00701nam a2200289Ia 4500
005 20260324132938.0
008 008 260324s9999 xx 000 0 eng d
020 _a9781003580812
037 _aEBOOK
040 _aCRL
040 _beng
040 _cCRL
041 _2eng
041 _aeng
084 _qCRL
100 _aMaurice Vaïse
_91191214
245 0 _aL'Essor de la politique spatiale francais dans le contexte international
245 0 _b1958-1964
260 _bTaylor and Francis
260 _c2004
365 _a
365 _b630
856 _uhttp://www.taylorfrancis.com/books/9781003580812
942 _cEBOOK
999 _c1789791
_d1789791